000 00305nam a22001337a 4500
008 170526b xxu||||| |||| 00| 0 eng d
020 _a9781585031160
041 _aeng
080 _a62
100 _a25
101 _aIM
245 _aPARAMETRIC MODELING WITH PRO/ENGINEER
_cSHIH, R.H
942 _2udc
_cBK
999 _c14425
_d14425